Lotus 1-2-3/4 for Windows Praktický průvodce

Salvato in:
Dettagli Bibliografici
Autore principale: Šimek, Tomáš
Natura: Libro
Lingua:ceco
Pubblicazione: Praha Grada 1994
Edizione:1. vyd.
Soggetti:
Tags: Aggiungi Tag
Nessun Tag, puoi essere il primo ad aggiungerne!!

MARC

LEADER 00000nam a2200000 4500
001 c005802
005 20221205140741.7
020 |a 80-7169-074-0 
041 0 |a cze 
044 |a CZ 
245 1 0 |a Lotus 1-2-3/4 for Windows  |b Praktický průvodce  |c Tomáš Šimek 
250 |a 1. vyd. 
264 1 |a Praha  |b Grada  |c 1994 
300 |a 377 s. 
610 2 0 |a počítače 
610 2 0 |a softvér 
610 2 0 |a programy počítačové 
610 2 0 |a grafika počítačová 
610 2 0 |a dáta 
610 2 0 |a Lotus 1-2-3/4 
100 1 |a Šimek, Tomáš